000 02164nam a2200457 c 4500
001 2456
003 ES-MaCES
005 20141221121613.0
008 941130s1994 sp ||| | spa d
017 _aM-18614-1994
_bDL
020 _a8474348390
035 _aCES19980024758m
040 _aES-MaCES
_bspa
_cES-MaCES
111 2 _aJornadas de Estudio sobre la Negociación Colectiva
_n
_d1993
_cMadrid
_980
245 1 4 _aLos problemas actuales de la negociación colectiva
_b: VI Jornadas de Estudio sobre la Negociación Colectiva, Madrid, 3 de junio de 1993
_cedición preparada por, Comisión Consultiva Nacional de Convenios Colectivos
260 _aMadrid
_bCentro de Publicaciones, Ministerio de Trabajo y Seguridad Social
_cD.L. 1994
300 _a283 p.
_c22 cm
490 1 _aColección Informes y estudios. Serie Relaciones laborales
_v6
500 _aIncluye: Informe negociacion colectiva 1992 ; Memoria de actividades 1992 / Comisión Nacional Consultiva de Convenios Colectivos
541 _cGratuito
610 1 4 _aComisión Consultiva Nacional de Convenios Colectivos (España)
_92011
650 4 _anegociación colectiva
_928362
650 4 _aconvenio colectivo
_928361
650 4 _aextensión del convenio colectivo
_930041
650 4 _ahuelga
_928376
650 4 _aderecho de huelga
_929350
650 4 _aderecho del trabajo
_927165
650 4 _aEspaña
_926964
650 4 _a1992
_930809
650 4 _ainforme de actividades
_928984
650 4 _amemoria anual
_928977
653 1 0 _aRelaciones laborales-Empleo
710 1 _aComisión Consultiva Nacional de Convenios Colectivos (España)
_ecol.
_92011
710 1 _aEspaña
_bMinisterio de Trabajo y Seguridad Social
_eed.
_93276
740 0 2 _aInforme negociación colectiva 1992 / Comisión Consultiva Nacional de Convenios Colectivos
740 0 2 _aMemoria de actividades 1992 / Comisión Consultiva Nacional de Convenios Colectivos
830 0 _aColección Informes y estudios (España. Ministerio de Trabajo y Seguridad Social)
_pSerie Relaciones laborales
_v6
_932474
902 _aLIB Libro
942 _2CES
_cBK
_h2.0.
999 _c2456
_d2456